Homotopy equivalences of 3-manifolds with boundaries
Сохранить в:
| Главный автор: | |
|---|---|
| Формат: | |
| Язык: | английский |
| Опубликовано: |
Berlín
Springer-Verlag
1979
|
| Серии: | Lecture Notes in Mathematics, 761
|
| Предметы: | |
| Метки: |
Добавить метку
Нет меток, Требуется 1-ая метка записи!
|
MARC
| LEADER | 00000nam a2200000 a 4500 | ||
|---|---|---|---|
| 001 | UCP1643 | ||
| 003 | CL-VaPUC | ||
| 008 | 990416e19790000GW |||||||||||||||||eng|d | ||
| 082 | 0 | 4 | |a 514.24 |b JOH |2 21 |
| 100 | 0 | |a Johannson, Klaus |e author |9 427808 | |
| 245 | 1 | 0 | |a Homotopy equivalences of 3-manifolds with boundaries |
| 300 | |a 303 p | ||
| 942 | |c BK | ||
| 945 | |d 19990416 00:00:00 |a crobeson | ||
| 260 | |a Berlín |b Springer-Verlag |c 1979 | ||
| 650 | 7 | |a HOMOTOPIA |2 CL-VaPUC |9 423610 | |
| 650 | 0 | |a Variedades diferenciales |9 270032 | |
| 650 | 0 | |a Topología algebraica |9 269858 | |
| 650 | 0 | |a Teoría de grupos |9 270028 | |
| 583 | |a last modification |c 19990416 00:00:00 |k Rodrigo Vera | ||
| 490 | 0 | |a Lecture Notes in Mathematics, 761 | |
| 999 | |c 280308 |d 280306 | ||
| 952 | |0 0 |1 0 |4 0 |6 514_240000000000000_JOH_1979 |7 0 |8 A |9 320559 |a BIBMAT |b BIBMAT |d 2019-11-20 |i 1343769 |o 514.24 JOH 1979 |p 1343769 |r 2025-01-07 |w 2019-11-20 |y BK |k MAT | ||